000 00899nam a2200217Ii 4500
003 JO-AjNU
008 230605s9999||||xx |||||||||||||| ||und||
017 _a2013/11914
020 _a978-977-473-051-1
040 _aJO-AjNU
_bara
_erda
_cJO-AjNU
041 _aara
050 1 4 _aJF1358.2014
100 3 _aالمنظمة العربية للتنمية الإدارية,
_eauthor
_951989
245 0 0 _aالتنظيم الإداري في الأجهزة الحكومية وأثره على الرضا والولاء الوظيفي : بحوث محكمة منتقاة
264 3 1 _aالقاهرة : منشورات المنظمة العربية للتنمية الإدارية، 2014
300 _a346ص
336 _atext
_btxt
_2rdacontent
337 _aunmediated
_bn
_2rdamedia
338 _avolume
_bnc
_2rdacarrier
650 4 _aالادارة العامة -- التنظيم الاداري
_951990
999 _aA23003
_c26571
_d26571